[Event "AUTO-ADV-3755"]
[Site "http://www.queenalice.com/game.php?id=1456887"]
[Date "2016.12.28"]
[Round "1"]
[White "jlpbarreto"]
[Black "pergaminos"]
[Result "1-0"]
[WhiteElo "1909"]
[BlackElo "1752"]

1. e4 e5 2. Nf3 Nc6 3. d4 d6 4. dxe5 Bg4 5. exd6 Bxd6 6. Be2 Nf6 7. Nc3 O-O 8.
O-O Qe7 9. b3 Rfd8 10. Qe1 Ne5 11. Nxe5 Qxe5 12. f4 Bc5+ 13. Kh1 Qh5 14. Bf3 Re8
15. Bxg4 Nxg4 16. Qg3 Rxe4 17. Nxe4 f5 18. Nxc5 b6 19. Nd3 Re8 20. Ne5 Nxe5 21.
fxe5 Rxe5 22. Qxe5 Qg6 23. Ba3 c5 24. Bb2 Kf8 25. Qxf5+ Qxf5 26. Rxf5+ Kg8 27.
Raf1 h6 28. Rf8+ Kh7 29. R1f7 1-0

[Event "AUTO-ADV-3755"]
[Site "http://www.queenalice.com/game.php?id=1456888"]
[Date "2016.12.28"]
[Round "1"]
[White "pergaminos"]
[Black "jlpbarreto"]
[Result "1-0"]
[WhiteElo "1728"]
[BlackElo "1918"]

1. d4 Nf6 2. Nc3 d5 3. Bf4 c6 4. Nf3 Bg4 5. e3 e6 6. Be2 Be7 7. O-O Nbd7 8. Ne5
Bxe2 9. Qxe2 O-O 10. h3 h6 11. Na4 Qc8 12. Qd3 Ne4 13. f3 Nd6 14. Nc5 Nxc5 15.
dxc5 Nb5 16. b4 a5 17. c3 axb4 18. cxb4 Ra3 19. Qd2 Bf6 20. e4 d4 21. Ng4 Be7
22. Nxh6+ gxh6 23. Bxh6 Rd8 24. Qf4 e5 25. Qg3+ Kh7 26. Qg7# 1-0

[Event "AUTO-ADV-3755"]
[Site "http://www.queenalice.com/game.php?id=1456903"]
[Date "2016.12.28"]
[Round "1"]
[White "pergaminos"]
[Black "betofortaleza"]
[Result "0-1"]
[WhiteElo "1723"]
[BlackElo "1985"]

1. d4 Nc6 2. Nf3 d5 3. e3 e6 4. Bb5 Bd7 5. Nc3 Bb4 6. Bd2 a6 7. Bxc6 Bxc6 8. O-O
Nf6 9. a3 Bd6 10. Ne5 Bxe5 11. dxe5 Ne4 12. Nxe4 dxe4 13. Qe2 Qg5 14. Rad1 O-O-O
15. f4 exf3 16. Rxf3 Bxf3 17. Qxf3 Qxe5 18. Bc3 Rxd1+ 19. Qxd1 Qxe3+ 20. Kh1 Rd8
21. Qf1 Qf4 22. Kg1 Qe3+ 23. Kh1 f6 24. h3 Rd5 25. h4 Rh5 26. Be1 f5 27. Bf2 Qe4
28. c3 g5 29. Qd1 gxh4 30. Qxh5 b6 31. Qe8+ Kb7 32. Qe7 h3 33. Qg5 f4 34. Bd4 h6
35. Qg4 hxg2+ 36. Qxg2 f3 37. Qf2 e5 38. Be3 h5 39. b4 h4 40. a4 Qb1+ 41. Kh2
Qf5 42. a5 b5 43. Qxh4 Qc2+ 44. Kg3 Qg2# 0-1

[Event "AUTO-ADV-3755"]
[Site "http://www.queenalice.com/game.php?id=1456904"]
[Date "2016.12.28"]
[Round "1"]
[White "betofortaleza"]
[Black "pergaminos"]
[Result "0-1"]
[WhiteElo "1841"]
[BlackElo "1751"]

1. e4 e5 2. Bc4 Nf6 3. Nc3 Bc5 4. Nd5 d6 5. Qf3 Bg4 6. Qd3 Nc6 7. Nxf6+ Qxf6 8.
Qg3 Be6 9. Bb5 O-O 10. d3 Nd4 11. Ba4 b5 12. c3 bxa4 13. cxd4 Bxd4 14. Nf3 Rab8
15. Bg5 Qg6 16. O-O f6 17. Nh4 Qxg5 18. Qxg5 fxg5 19. Nf3 Bxb2 20. Rab1 a3 21.
Nxg5 Bxa2 22. Rbe1 Bd4 23. Re2 Bb3 24. Ne6 Bxe6 25. Kh1 a2 0-1

[Event "AUTO-ADV-3755"]
[Site "http://www.queenalice.com/game.php?id=1456905"]
[Date "2016.12.28"]
[Round "1"]
[White "pergaminos"]
[Black "Jaumins"]
[Result "0-1"]
[WhiteElo "1543"]
[BlackElo "1738"]

1. d4 d5 2. Nc3 e6 3. Bf4 Bd6 4. Bxd6 Qxd6 5. Nf3 Qb6 6. Rb1 Nf6 7. e3 O-O 8.
Ne5 Qa5 9. Bd3 c5 10. O-O Nbd7 11. f4 c4 12. Be2 b5 13. Nc6 Qb6 14. Ne7+ Kh8 15.
b3 Qd6 16. Nxc8 Rfxc8 17. Nxb5 Qc6 18. bxc4 dxc4 19. a4 Qa6 20. c3 Nd5 21. Bf3
Rab8 22. Ra1 Nxe3 23. Qe2 Nxf1 24. Qxf1 Nb6 25. Be2 Qa5 26. Qf3 Nxa4 27. Nd6
Qxc3 28. Rf1 Qxd4+ 29. Kh1 Qxd6 30. h4 Rb3 31. Qe4 Nb6 32. Rd1 Qe7 33. Qc2 Qxh4+
34. Kg1 Qxf4 35. Bf3 g6 36. Rf1 Rd3 37. Be2 Rd2 38. Rxf4 Rxc2 39. Bf3 f5 40. Bb7
Rd8 41. Kh2 c3 0-1

[Event "AUTO-ADV-3755"]
[Site "http://www.queenalice.com/game.php?id=1456906"]
[Date "2016.12.28"]
[Round "1"]
[White "Jaumins"]
[Black "pergaminos"]
[Result "1-0"]
[WhiteElo "1724"]
[BlackElo "1686"]

1. d4 d5 2. e3 Nf6 3. Bb5+ c6 4. Ba4 e6 5. Nf3 Qa5+ 6. c3 Ne4 7. O-O Bd6 8. Ne5
Bxe5 9. dxe5 Nd7 10. b4 Qc7 11. f3 Ng5 12. Bb3 h6 13. c4 O-O 14. Nd2 Qxe5 15.
Rb1 Qxe3+ 16. Kh1 dxc4 17. Nxc4 Qc3 18. a3 Ne5 19. Bb2 Qd3 20. Nxe5 Qxd1 21.
Rbxd1 a5 22. f4 Ne4 23. Bc2 f5 24. Rd4 axb4 25. Rxb4 c5 26. Ra4 Rxa4 27. Bxa4
Nd2 28. Rd1 Ne4 29. Ng6 Rf7 30. Rd8+ Kh7 31. Nf8+ Rxf8 32. Rxf8 Nf2+ 33. Kg1 b5
34. Rxc8 Nd3 35. Bxb5 Nxb2 36. Rxc5 h5 37. a4 g6 38. a5 Nd1 39. a6 Ne3 40. a7
Nd5 41. a8=Q Kh6 42. Qh8# 1-0

[Event "Challenge"]
[Site "http://www.queenalice.com/game.php?id=1457760"]
[Date "2017.1.4"]
[Round "-"]
[White "Daniel1962"]
[Black "pergaminos"]
[Result "1-0"]
[WhiteElo "1798"]
[BlackElo "1732"]

1. c4 e6 2. Nc3 Bb4 3. e3 Nc6 4. Bd3 Nf6 5. Ne4 Nxe4 6. Bxe4 d5 7. cxd5 exd5 8.
Bd3 O-O 9. Nf3 Bg4 10. O-O f5 11. Be2 Bh5 12. Nd4 Bxe2 13. Qxe2 Qe7 14. Nxc6
bxc6 15. a3 Bd6 16. b4 Qh4 17. g3 Qg5 18. Bb2 c5 19. bxc5 Bxc5 20. Rac1 Rad8 21.
Qa6 Bb6 22. a4 Rd6 23. Qb5 f4 24. exf4 Rxf4 25. Qe2 Rh6 26. Be5 Re4 27. Qb5 Qxe5
28. a5 Bd4 29. Qb8+ Qe8 30. Qxc7 Rhe6 31. Qc8 Re2 32. Kg2 Bb2 33. Qxe8+ Rxe8 34.
Rc7 d4 35. d3 a6 36. Rb1 Bc3 37. Rbb7 Bxa5 38. Rxg7+ Kh8 39. Rxh7+ 1-0

[Event "Challenge"]
[Site "http://www.queenalice.com/game.php?id=1457761"]
[Date "2017.1.4"]
[Round "-"]
[White "pergaminos"]
[Black "Daniel1962"]
[Result "0-1"]
[WhiteElo "1719"]
[BlackElo "1811"]

1. d4 d5 2. Nc3 Be6 3. Bf4 c6 4. Nf3 Nd7 5. e3 Qb6 6. Rb1 c5 7. Nb5 Qa5+ 8. c3
c4 9. Nc7+ Kd8 10. Be2 Rc8 11. Nxe6+ fxe6 12. O-O Ngf6 13. a3 Nh5 14. Bg5 h6 15.
Bh4 g5 16. Bg3 Nxg3 17. fxg3 Nf6 18. Ne5 Rh7 19. Ng6 Ke8 20. Ne5 Ne4 21. Ng6 Bg7
22. Bh5 Kd8 23. Bg4 Rc6 24. Ne5 Bxe5 25. dxe5 Rh8 26. Bf3 Qb6 27. Bxe4 Qxe3+ 28.
Kh1 Qxe4 29. Re1 Qg6 30. b4 cxb3 31. Rxb3 b6 32. a4 Kd7 33. a5 Rb8 34. a6 h5 35.
h3 Rf8 36. Qd2 Rc4 37. Rbb1 Ra4 38. Qe2 Ra3 39. Qb5+ Kd8 0-1

[Event "OS INCLIVEIS"]
[Site "http://www.queenalice.com/game.php?id=1459699"]
[Date "2017.1.15"]
[Round "-"]
[White "adelio"]
[Black "pergaminos"]
[Result "1-0"]
[WhiteElo "1650"]
[BlackElo "1736"]

1. d4 d5 2. e4 e6 3. e5 Nc6 4. Be2 Bd7 5. c3 f6 6. Nf3 g5 7. exf6 Qxf6 8. Nxg5
Qg6 9. Bh5 Qxh5 10. Qxh5+ Kd8 11. Nf7+ Ke7 12. Nxh8 Nf6 13. Bg5 Bg7 14. Qf7+ Kd6
15. Qxg7 Rg8 16. Qxf6 Nd8 17. Qe5+ Kc6 18. c4 1-0

[Event "AUTO-INT-3195"]
[Site "http://www.queenalice.com/game.php?id=1461059"]
[Date "2017.1.24"]
[Round "2"]
[White "Marty"]
[Black "pergaminos"]
[Result "1-0"]
[WhiteElo "1809"]
[BlackElo "1535"]

1. e4 e5 2. Nf3 Nc6 3. Nc3 d6 4. Bb5 Bd7 5. d4 a6 6. Bxc6 Bxc6 7. d5 Bd7 8. Bg5
f6 9. Be3 Ne7 10. O-O Ng6 11. b4 c6 12. dxc6 Bxc6 13. Nd5 Nf4 14. Nxf4 exf4 15.
Bxf4 Be7 16. c3 O-O 17. Qb3+ d5 18. Rfd1 Kh8 19. exd5 Bb5 20. c4 Bd7 21. c5 Re8
22. c6 bxc6 23. dxc6 Qb6 24. cxd7 Red8 25. Be3 Qc6 26. Rac1 Qb7 27. Qe6 Bf8 28.
Bb6 Rdb8 29. d8=Q Rxd8 30. Bxd8 Qxb4 31. Rd7 Rb8 32. Qe8 Kg8 33. Qf7+ Kh8 34.
Re1 h6 35. Re8 Qg4 36. Rxf8+ Kh7 37. h3 1-0

[Event "AUTO-INT-3195"]
[Site "http://www.queenalice.com/game.php?id=1461060"]
[Date "2017.1.24"]
[Round "2"]
[White "pergaminos"]
[Black "Marty"]
[Result "0-1"]
[WhiteElo "1707"]
[BlackElo "1779"]

1. d4 d5 2. Nc3 Nf6 3. Bf4 e6 4. e3 Bb4 5. Ne2 Ne4 6. f3 Nxc3 7. bxc3 Ba5 8. Qb1
Qd7 9. g4 Qc6 10. Qb2 O-O 11. Bg2 Qc4 12. Bf1 c5 13. Bd6 Re8 14. Bxc5 b6 15. Bd6
Nd7 16. Nf4 Bxc3+ 17. Qxc3 Qxc3+ 18. Kf2 Qxa1 19. Bg2 Qxa2 20. Rf1 Qxc2+ 21. Kg3
e5 22. dxe5 Ba6 23. Rf2 Qd1 24. g5 Nxe5 25. g6 hxg6 26. Kh3 Bc8+ 27. Kg3 Nd3 28.
Re2 Nxf4 29. Bxf4 Qxe2 30. h4 a5 31. Bg5 Qe1+ 32. Kf4 Qf2 33. e4 d4 34. e5 Qxg2
0-1

[Event "AUTO-INT-3195"]
[Site "http://www.queenalice.com/game.php?id=1461063"]
[Date "2017.1.24"]
[Round "2"]
[White "pergaminos"]
[Black "The_Clown"]
[Result "0-1"]
[WhiteElo "1643"]
[BlackElo "1813"]

1. d4 d5 2. Nc3 Nf6 3. Bf4 e6 4. e3 Bb4 5. Bd3 Bxc3+ 6. bxc3 O-O 7. Nf3 a6 8.
O-O Re8 9. Ne5 Nbd7 10. Nxd7 Qxd7 11. Qd2 b6 12. c4 c5 13. Be5 Ne4 14. Bxe4 dxe4
15. d5 exd5 16. cxd5 Rxe5 17. d6 g6 18. f4 Re6 19. Qd5 Bb7 20. Qg5 Qxd6 21. Rad1
Qc7 22. c4 b5 23. cxb5 axb5 24. Rd2 Qb6 25. Rfd1 Ree8 26. Rd7 c4 27. Kf2 c3 28.
f5 c2 29. Rc1 Rxa2 30. Rd2 Qc7 31. fxg6 hxg6 32. Qxb5 Rc8 33. Qb3 Qc4 34. Rd8+
Kg7 35. Qxb7 Rxd8 36. g4 Rd1 37. Rxd1 cxd1=Q+ 0-1

[Event "AUTO-INT-3195"]
[Site "http://www.queenalice.com/game.php?id=1461064"]
[Date "2017.1.24"]
[Round "2"]
[White "The_Clown"]
[Black "pergaminos"]
[Result "1-0"]
[WhiteElo "1742"]
[BlackElo "1717"]

1. e4 e5 2. d4 d6 3. d5 Nf6 4. f3 Bd7 5. Nc3 c6 6. Bg5 Be7 7. Qd2 h6 8. Bh4 g5
9. Bg3 cxd5 10. Nxd5 Nxd5 11. Qxd5 Be6 12. Qxb7 Nd7 13. Ne2 Nc5 14. Qc6+ Bd7 15.
Qd5 Qa5+ 16. Nc3 Be6 17. Qxa8+ Bd8 18. Bb5+ Bd7 19. Bxd7+ Nxd7 20. Qc6 Ke7 21.
O-O-O Bc7 22. Nd5+ Ke6 23. Nxc7+ Ke7 24. Qxd6+ Kd8 25. Qxd7# 1-0

[Event "AUTO-ADV-3800"]
[Site "http://www.queenalice.com/game.php?id=1469742"]
[Date "2017.3.21"]
[Round "1"]
[White "MarcosT"]
[Black "pergaminos"]
[Result "1-0"]
[WhiteElo "1896"]
[BlackElo "1665"]

1. e4 e5 2. Nf3 Nc6 3. Nc3 Nf6 4. Bb5 d6 5. h3 Be6 6. d3 Be7 7. a3 O-O 8. O-O a6
9. Ba4 Nd4 10. Nxd4 exd4 11. Ne2 1-0

[Event "AUTO-ADV-3800"]
[Site "http://www.queenalice.com/game.php?id=1469743"]
[Date "2017.3.21"]
[Round "1"]
[White "pergaminos"]
[Black "MarcosT"]
[Result "0-1"]
[WhiteElo "1672"]
[BlackElo "1889"]

1. d4 Nf6 2. Nc3 g6 3. e4 d6 4. Bg5 Bg7 5. Nf3 O-O 6. Bd3 Bg4 7. O-O Nc6 8. a3
e5 9. d5 Nd4 10. Be2 Nxe2+ 0-1

[Event "AUTO-ADV-3800"]
[Site "http://www.queenalice.com/game.php?id=1469756"]
[Date "2017.3.21"]
[Round "1"]
[White "jlpbarreto"]
[Black "pergaminos"]
[Result "1-0"]
[WhiteElo "1831"]
[BlackElo "1530"]

1. e4 e5 2. Nf3 Nc6 3. d4 d6 4. dxe5 Bg4 5. exd6 Bxd6 6. Be2 Ne5 7. Nc3 Nf6 8.
Bg5 O-O 9. O-O h6 10. Bh4 Nc4 11. Bxc4 Re8 12. Re1 1-0

[Event "AUTO-ADV-3800"]
[Site "http://www.queenalice.com/game.php?id=1469757"]
[Date "2017.3.21"]
[Round "1"]
[White "pergaminos"]
[Black "jlpbarreto"]
[Result "0-1"]
[WhiteElo "1526"]
[BlackElo "1835"]

1. d4 Nf6 2. Nc3 e6 3. Bg5 d5 4. Nf3 Be7 5. e3 a6 6. Bd3 h6 7. Bh4 Nbd7 8. O-O
O-O 9. Re1 b6 10. Ne5 Bb7 11. Qf3 Rb8 0-1

[Event "AUTO-ADV-3800"]
[Site "http://www.queenalice.com/game.php?id=1469766"]
[Date "2017.3.21"]
[Round "1"]
[White "pergaminos"]
[Black "Artking"]
[Result "0-1"]
[WhiteElo "1545"]
[BlackElo "2019"]

1. d4 Nf6 2. Nc3 c6 3. Bg5 e6 4. e4 d5 5. e5 h6 6. Bxf6 gxf6 7. Nf3 Nd7 8. Bd3
a6 9. O-O fxe5 10. dxe5 Bg7 11. Re1 Qc7 0-1

[Event "AUTO-ADV-3800"]
[Site "http://www.queenalice.com/game.php?id=1469767"]
[Date "2017.3.21"]
[Round "1"]
[White "Artking"]
[Black "pergaminos"]
[Result "1-0"]
[WhiteElo "1997"]
[BlackElo "1645"]

1. d4 d5 2. c4 Nf6 3. Nc3 e6 4. Nf3 Bb4 5. Qc2 Ne4 6. a3 Bxc3+ 7. bxc3 Bd7 8.
Ne5 Nc6 9. f3 Nf6 10. Bg5 O-O 11. Ng4 e5 12. dxe5 1-0

[Event "AUTO-OPEN-3780"]
[Site "http://www.queenalice.com/game.php?id=1470077"]
[Date "2017.3.23"]
[Round "1"]
[White "jupar"]
[Black "pergaminos"]
[Result "1-0"]
[WhiteElo "1969"]
[BlackElo "1648"]

1. e4 e5 2. Nf3 Nc6 3. Bc4 d6 4. h3 Be6 5. Bxe6 fxe6 6. d4 Nf6 7. Nc3 exd4 8.
Nxd4 Nxd4 9. Qxd4 e5 10. Qc4 c6 11. Bg5 1-0

[Event "AUTO-OPEN-3780"]
[Site "http://www.queenalice.com/game.php?id=1470078"]
[Date "2017.3.23"]
[Round "1"]
[White "pergaminos"]
[Black "jupar"]
[Result "0-1"]
[WhiteElo "1651"]
[BlackElo "1966"]

1. d4 d5 2. Nc3 Nf6 3. Bf4 Nbd7 4. e3 c6 5. Nf3 e6 6. Bd3 Be7 7. O-O O-O 8. Re1
Nh5 9. Bg3 Nxg3 10. fxg3 Bd6 11. e4 dxe4 0-1

[Event "AUTO-OPEN-3780"]
[Site "http://www.queenalice.com/game.php?id=1470099"]
[Date "2017.3.23"]
[Round "1"]
[White "PU1JQF"]
[Black "pergaminos"]
[Result "1-0"]
[WhiteElo "1283"]
[BlackElo "1600"]

1. e4 e5 2. Qf3 Nf6 3. Nh3 c6 4. Bc4 d6 5. d3 Bg4 6. Qg3 Nbd7 7. Ng5 d5 8. Nxf7
Kxf7 9. O-O dxc4 10. dxc4 Bc5 11. Nc3 1-0

[Event "AUTO-OPEN-3780"]
[Site "http://www.queenalice.com/game.php?id=1470100"]
[Date "2017.3.23"]
[Round "1"]
[White "pergaminos"]
[Black "PU1JQF"]
[Result "0-1"]
[WhiteElo "1571"]
[BlackElo "1312"]

1. d4 c6 2. e4 d5 3. e5 e6 4. c3 Be7 5. Be3 Na6 6. Bxa6 bxa6 7. Nf3 Bb7 8. O-O
Qb6 9. Qc2 O-O-O 10. Na3 Nh6 0-1

[Event "AUTO-OPEN-3780"]
[Site "http://www.queenalice.com/game.php?id=1470112"]
[Date "2017.3.23"]
[Round "1"]
[White "pergaminos"]
[Black "DAN1958"]
[Result "0-1"]
[WhiteElo "1616"]
[BlackElo "1606"]

1. d4 d5 2. Nc3 Nf6 3. Bf4 Nc6 4. Nf3 h6 5. e3 a6 6. Bd3 g5 7. Bg3 e6 8. O-O b5
9. Re1 Bd6 10. Ne5 Nxe5 0-1